000 02522cam a2200409 i 4500
001 991061195065906706
003 ES-BaIT
005 20260413080708.0
008 241008e202409 spc |||gr|||| 001 0 spa|c
015 _aLL2025
_2bnc
017 _aDL B 14888-2024
_bBiblioteca de Catalunya
020 _a9788432243868
040 _aES-BaFC
_bcat
_erda
_cES-BaFC
_dES-BaBC
041 1 _aspa
_heng
080 _a82-7.09
_22004
100 1 _aHeller, Agnes
_eautor
_924967
240 1 _aImmortal comedy.
_lCastellà
_9169212
245 1 3 _aLa Comedia inmortal :
_blo cómico en el arte, la literatura y la vida /
_cÁgnes Heller; traducido del inglés por Aurora Echevarría
250 _aPrimera edición
264 1 _aBarcelona :
_bSeix Barral,
_cseptiembre de 2024
300 _a447 pàgines ;
_c23 cm
336 _atext
_btxt
_2rdacontent
337 _asense mediació
_bn
_2rdamedia
338 _avolum
_bnc
_2rdacarrier
490 1 _aLos tres mundos
500 _aÍndex
520 _a"La comedia inmortal explora el papel de lo cómico en la sociedad a traves de la historia del arte, la literatura y la vida cotidiana. Desde los antiguos griegos hasta la stand-up comedy, Ágnes Heller examina cómo la comedia ha sido utilizada para expresar crítica social, sátira política y reflexionar sobre la condición humana. Del teatro clásico al cine, de la literatura a la pintura, Heller recorre en este fascinante viaje histórico y filosófico la obra de figuras como Aristófanes, Shakespeare, Charlie Chaplin, Woody Allen o Botero para reivindicar la importancia del humor a la hora de abordar temas como la religión, la política, la guerra o la sexualidad, y cómo precisamente a causa de ello ha sido silenciado y censurado a lo largo de la historia. La intelectual húngara plantea, de forma radical, la posibilidad de concederle al fin la trascendencia merecida al fenómeno de lo cómico a traves de la filosofía. Un referente irreemplazable de las ciencias sociales, Ágnes Heller "elaboró un pensamiento […] a medio camino entre la filosofía y la sociología que logró atravesar" -- Contracoberta
650 0 _aComicitat
_xHistòria
_2lemac
_9169213
650 0 _aComèdies de situació
_xHistòria
_2lemac
_9169214
650 0 _aComicitat en la literatura
_2lemac
_967419
650 0 _aHumorisme
_xAspectes socials
_2lemac
_9110673
700 1 _aEchevarría, Aurora
_etraductor
_9169215
830 _aTres mundos
_9123603
908 _aFILMO
_aBC
_aBAB
_aCDMAE
940 _aFILMO
942 _2udc
_c1
999 _c137354
_d137354